000 00556nam a2200217 a 4500
001 0001-2209
003 ELIB.Books
008 190803 2010 eng
020 _a0679413936
092 _a152.4
_bBus
100 _aBuscaglia, Leo
245 _aBorn for Love
_bReflections on Loving
260 _aRandom House
_bSlack Incorporated
_c1992
300 _a298
_c22cm
650 _aLove
856 _nKBTS Library
_uKBTS Elib
942 _2ddc
_cBK
990 _a1
998 _aEnglishbooks.elf
_ccat
_e2019-08-03
999 _c12209
_d12209